| 000 | 00881nas a2200313 4500 | ||
|---|---|---|---|
| 001 | BR0602718 | ||
| 003 | BR-BrBNA | ||
| 005 | 20231205110048.0 | ||
| 007 | ta | ||
| 008 | 230509b bl.|||p| |||| 00| 00por d | ||
| 040 |
_aBR-BrBNA _bpor _cBiblioteca Nacional de Agricultura |
||
| 041 | _a(Pt) | ||
| 072 | _aH10 | ||
| 100 | 1 | _aMoreira, L.R. | |
| 100 | 1 | _aOliveira, E.E. de | |
| 100 | 1 | _aHatano, E. | |
| 100 | 1 | _aPallini, A. | |
| 100 | 1 | _aVilela, E.F. | |
| 100 | 1 | _aLima, F.N.B. de | |
| 245 | 1 | _aInfoquímicos de tomateiro mediam o comportamento de herbívoros | |
| 650 | _aTOMATE | ||
| 650 | _aÁCARO VERMELHO | ||
| 650 | _aPULGÃO | ||
| 650 | _aESTUFA | ||
| 650 | _aCONTROLE BIOLÓGICO | ||
| 773 | 0 |
_tRevista Ceres (Brazil) _xISSN 0034-737X _g(May-Jun 2004), v. 51(295) p. 397-404 _wBR0602718 |
|
| 909 |
_a202311 _bLúcia _c55 _dLúcia Elande |
||
| 942 |
_2AGRIS _n0 _cANA |
||
| 999 |
_c186040 _d186040 |
||